| 000 | 01769nam a22002417a 4500 | ||
|---|---|---|---|
| 003 | 0 | ||
| 005 | 20250822162959.0 | ||
| 008 | 250818b xxu||||| |||| 00| 0 eng d | ||
| 020 | _a978-1-382-00716-0 | ||
| 050 |
_aTR IB PE 1114 _b.C435 2021 |
||
| 100 |
_aChanen, Brian, _eauthor. |
||
| 245 |
_aEnglish a : _blanguage and literature: IB diploma programme / _cBrian Chanen & Rob Allison. |
||
| 260 |
_aOxford, United Kingdom : _bOxford University Press, _c2021. |
||
| 300 |
_aiii, 192 pages : _bcolor illustrations ; _c30 cm. |
||
| 500 | _aOxford IB Prepared. IB Diploma Programme. | ||
| 504 | _aIncludes bibliographical references and index. | ||
| 650 |
_aEnglish language _vStudy and teaching (Secondary) _vInternational Baccalaureate _vTextbooks. |
||
| 650 |
_aEnglish literature _vStudy and teaching (Secondary) _vInternational Baccalaureate _vTextbooks. |
||
| 650 |
_aEnglish language _vRhetoric _vStudy and teaching (Secondary) _vStudy guides. |
||
| 650 |
_aEnglish language _vExaminations _vStudy guides. |
||
| 700 |
_aAllison, Rob, _eauthor. |
||
| 942 |
_2lcc _cBK |
||
| 999 |
_c367523 _d367523 |
||